000 00313nam a2200133Ia 4500
008 190216s9999||||xx |||||||||||||| ||und||
100 _aKenney. Jf And Keeping . Es
245 0 _aMathematics Of Statistics
250 _a7th Ed.
260 _bNull
_c1965
300 _a429
650 _aMathematics
942 _cBK
999 _c30426
_d30426